000 00730nas a2200241 4500
001 BR7603271
003 BR-BrBNA
005 20231205083004.0
007 ta
008 230509b bl.|||p| |||| 00| 00por d
040 _aBR-BrBNA
_bpor
_cBiblioteca Nacional de Agricultura
041 _a(Pt)
072 _aF60
100 1 _aCosta, F.L.C.
245 1 _aEfeito fisiologico de raios gama (Co 60)sobre Arabidopsis thaliana L. Heynh [Crucifera; Germinacao; Semente]
650 _aFISIOLOGIA VEGETAL
650 _aSEMENTE
650 _aGERMINACAO
650 _aRAIO GAMA
773 0 _tAgros (Brazil)
_xISSN 0365-2742
_g(Jun 1976), v. 11(1) p. 3-32
_wBR7603271
909 _a202311
_bLúcia
_c55
_dLúcia Elande
942 _2AGRIS
_n0
_cANA
999 _c95586
_d95586